| 000 | 01268namaa22003611i 4500 | ||
|---|---|---|---|
| 003 | EG-GICUC | ||
| 005 | 20260225105505.0 | ||
| 008 | 260225s1998 mr ||||jr|||| 000 0 ara d | ||
| 017 |
_a1998 / 574 _bالمكتبة الوطنية(المغرب) |
||
| 020 | _a9981023124 | ||
| 040 |
_aEG-GiCUC _bara _cEG-GiCUC _dEG-GiCUC _erda |
||
| 082 | 0 | 4 |
_221 _a370.1 _bB917 |
| 092 | 0 | 4 |
_221 _a370.1 _bB917 |
| 099 | _a370.1 B917 | ||
| 100 | 1 |
_aبو بكرى، محمد _eمؤلف. |
|
| 245 | 1 | 2 |
_aالمدرسة وإشكالية والمعنى / _cمحمد بوبكرى |
| 250 | _aالطبعة الاولى. | ||
| 264 |
_aالدار البيضاء : _bدار الثقافة، _c1998. |
||
| 300 |
_a125 ؛ صفحة _c20 سم. |
||
| 336 |
_2rdacontent _atext |
||
| 337 |
_2rdamedia _aUnmediated |
||
| 338 |
_2rdacarrier _avolume |
||
| 490 |
_aالسلسلة البيداغوجية ؛ _x6 |
||
| 504 | _aيشتمل على ارجاعات ببليوجرافية. | ||
| 541 |
_aد . جابر عصفور ؛ _bالقاهرة ؛ _cإهداء ؛ _d2024. |
||
| 650 | 1 | 7 |
_aالتعليم _2qrmak |
| 650 | 1 | 7 |
_aالبطالة _2qrmak |
| 650 | 1 | 7 |
_aالتربية _2qrmak |
| 650 | 1 | 7 |
_aالتعليم عن بعد _2qrmak |
| 651 | 1 | _2qrmak | |
| 905 | _aNoha | ||
| 942 |
_2ddc _cBK _e21 _n0 |
||
| 999 |
_c178725 _d178725 |
||